000 01678nam a2200337 a 4500
003 BLK
005 20241001182321.0
008 180408b bul|||||r ||||||| ||bul||
010 _aKNG00077286000
020 _a954-9772-44-6
020 _a9789549772449
040 _aBLK
041 _aBUL
_cBUL
080 _aФренска литература
_b821.133.1
_x-96
_z821.133.1-96
080 _aФренска литература
_b821.133.1
_x-84
_z821.133.1-84
100 1 _aЧоран, Емил-Мишел
_9250963
245 1 0 _aНаръчник по разложение
_aПризнания и проклятия
_cЕмил-Мишел Чоран ; прев. от фр. Красимир Петров; послесл. от Светлозар Игов.
257 _aFRA
260 _aСофия
_bФакел експрес
_c2006
300 _a294 с.
_c21 см
380 _aX
500 _aПрев. по Precis de decomposition ; Aveux et anathemes / E. M. Cioran. - Възприета форма на името на авт. е Емил Мишел Чоран.
700 1 _aПетров, Красимир
_eпрев. от фр.
_9363927
700 1 _aИгов, Светлозар Атанасов
_d1945-2023
_gФилолог, славянска филология (1966). Литературен критик, историк. Поет, белетрист. Преводач от сърбохърватски език
_972055
852 _aЦб 235400
_bЦб
856 4 _qpdf
856 4 _qpdf
942 _cKNG
_n0
_04
944 _aCR
_c2024-07-11
_k30530
_lМинев Младен
999 _c72909
_d72909